Obálka Náhled e-knihy:
Epub
Pro půjčování e-knih musíte být přihlášeni.
Jak si půjčit online?

Dějiny Saúdské Arábie /

Přehled politických, hospodářských i kulturních dějin Saúdské Arábie od starověku do současnosti.

Uloženo v:
Hlavní autor: Mendel, Miloš, 1952- (Autor)
Médium: E-kniha
Jazyk:Czech
Vydáno: Praha : NLN, 2026
Vydání:Vydání druhé
Edice:Dějiny států
Témata:
Tagy:
Žádné tagy
LEADER 02652nam a22005177i 4500
001 313616
003 CZ PrSKC
005 20260604062720.0
007 ta
008 260414s2026 xr abc fr 001 0 cze d
020 |a 9788074228919  |q (vázáno) 
040 |a ABA006  |b cze  |c ABA006  |d ABA006  |e rda 
072 7 |a 94(53)  |x Dějiny států a území na Arabském poloostrově  |2 Konspekt 
080 |a 94(532)  |2 MRF 
080 |a 930  |2 MRF 
080 |a (532)  |2 MRF 
080 |a (048.8)  |2 MRF 
100 1 |a Mendel, Miloš,  |d 1952-  |7 jn20000401773  |4 aut 
245 1 0 |a Dějiny Saúdské Arábie /  |c Miloš Mendel 
250 |a Vydání druhé 
264 1 |a Praha :  |b NLN,  |c 2026 
300 |a 446 stran :  |b ilustrace, mapy, portréty 
336 |a text  |b txt  |2 rdacontent 
337 |a bez média  |b n  |2 rdamedia 
338 |a svazek  |b nc  |2 rdacarrier 
490 1 |a Dějiny států 
500 |a Chronologický přehled 
504 |a Obsahuje bibliografii a rejstřík 
520 2 |a Přehled politických, hospodářských i kulturních dějin Saúdské Arábie od starověku do současnosti.  |b Práce z pera našeho předního arabisty sleduje historický vývoj Saúdské Arábie před vznikem islámu, v období středověku, během novověku a v dobách prvního a druhého rijádského emirátu (1843-1932). Zaměřuje se rovněž na zájmy západních velmocí o tuto část arabského světa na počátku 20. století a průběh vlády jednotlivých panovníků od 30. let 20. století až do současnosti. Pozornost je věnována také vývoji česko-saúdskoarabských vztahů. Nechybějí základní geografické údaje o Saúdské Arábii, chronologický přehled nejdůležitějších událostí nebo genealogie rodů a dynastií. 
650 0 7 |a dějiny  |7 ph114390  |2 czenas 
650 0 7 |a historiografie  |7 ph114672  |2 czenas 
650 0 9 |a history  |2 eczenas 
650 0 9 |a historiography  |2 eczenas 
651 7 |a Saúdská Arábie  |7 ge130753  |2 czenas 
651 9 |a Saudi Arabia  |2 eczenas 
653 0 |a dějiny zemí 
655 7 |a přehledy  |7 fd133202  |2 czenas 
655 9 |a surveys  |2 eczenas 
710 2 |a Lidové noviny (nakladatelství)  |7 ko2003165011  |4 pbl 
830 0 |a Dějiny států 
900 |a ABA006  |b 18 
928 9 |a Nakladatelství Lidové noviny 
044 |a xr 
910 |a RBIT002 
998 |d 427560  |a https://core.palmknihy.cz/api/books/427560/cover?tg0913  |b https://core.palmknihy.cz/api/books/427560/cover/400?tg0913  |c https://core.palmknihy.cz/api/books/427560/cover/50?tg0913  |e   |g 448  |i 9788074228919  |j https://core.palmknihy.cz/api/books/427560/preview.epub  |l   |q 49  |r 1  |s https://www.palmknihy.cz/kniha/427560  |t ebook  |y 2026  |z 0 
999 |d 313614